Most Populous Pennsylvania Municipalities in 2020 - Statistics

General Stats
  • This quiz has been taken 8 times
  • The average score is 15 of 20
Answer Stats
Population County Status Municipality % Correct
125,855 Lehigh City Allentown
100%
95,017 ____ City Erie
100%
58,051 _________ City Lancaster
100%
1,603,794 ____________ City Philadelphia
100%
302,958 Allegheny City Pittsburgh
100%
76,340 Lackawanna City Scranton
100%
75,795 Northampton/Lehigh City Bethlehem
86%
50,080 Dauphin City Harrisburg
86%
95,100 Berks City Reading
86%
44,349 Luzerne City Wilkes-Barre
86%
44,793 ____ City York
86%
43,970 Blair City Altoona
71%
40,787 Centre Borough State College
71%
32,724 Delaware City Chester
57%
28,127 Northampton City Easton
57%
29,939 Luzerne City Hazleton
57%
35,744 Montgomery Borough Norristown
57%
27,770 Lycoming City Williamsport
57%
33,578 Allegheny Municipality Bethel Park
14%
28,641 Allegheny Municipality Monroeville
14%
No matching quizzes found
Score Distribution
Percent of People with Each Score
Percentile by Number Answered
Your Score History
You have not taken this quiz